000 00950 a2200205 4500
003 UA-OsUOA
005 20260514121359.0
008 260514b un ||||| |||| 00| 0 ukr d
040 _aUA-OsUOA
_bukr
_cUA-OsUOA
_dUA-OsUOA
041 _aukr
080 _a09:631/635
090 _a09:631/635
_bУ67
245 _aУправа землі в Канаді і Зєд. Державах після найновішої системи і досьвіду – все про добре фармерство
_b3 72 образками
_cзладив після найкрасших і найновіших анґлійських підручників М. М. Б.
260 _bUkrainska Knyharnia
_cБ. р.
_aWinnipeg
300 _a128 с.
650 _2UDC
_a09 Рукописи. Раритети і рідкісні книги
_924621
942 _cRB
_2udc
955 _a4
999 _c580701
_d580701